| 000 | 00341nam a2200133Ia 4500 | ||
|---|---|---|---|
| 008 | 220204s9999 xx 000 0 und d | ||
| 082 |
_a546 _bSAT |
||
| 100 | _aSatyaprakash | ||
| 245 | 0 | _aAdvanced inorganic chemistry | |
| 250 | _aEd.15 | ||
| 260 |
_aRamnagar _bShymlal Charitable Trust _c1976 |
||
| 650 | _aInorganic chemistry | ||
| 942 | _cBK | ||
| 999 |
_c26816 _d26816 |
||